Southville International School and Colleges
Your cart is empty.
  • Cart
  • Lists
    Public lists Eva Luna New books Lux_list list_1
    Your lists Log in to create your own lists
  • Log in to your account
  • Your cookies
  • Search history
Southville International School and Colleges
  • Advanced search
  • Recent comments
  • Most popular
  • Libraries

Log in to your account

Log in with GOOGLE


If you do not have an external account, but do have a local account, you can still log in:

  1. Home
  2. MARC view: Champion of the seas/
Normal view MARC view ISBD view

Champion of the seas/ (Record no. 361523)

[ view plain ]
MARC details
000 -LEADER
fixed length control field 00485nam a2200181Ia 4500
008 - FIXED-LENGTH DATA ELEMENTS--GENERAL INFORMATION
fixed length control field 190423s9999 xx 000 0 und d
100 ## - MAIN ENTRY--PERSONAL NAME
Personal name Hickling, Susannah
245 ## - TITLE STATEMENT
Title Champion of the seas/
245 ## - TITLE STATEMENT
Statement of responsibility, etc Susannah Hickling
260 ## - PUBLICATION, DISTRIBUTION, ETC. (IMPRINT)
Name of publisher, distributor, etc Reader's Digest Asia
260 ## - PUBLICATION, DISTRIBUTION, ETC. (IMPRINT)
Date of publication, distribution, etc 2018
300 ## - PHYSICAL DESCRIPTION
Extent Pages 48-51, November 2018
440 ## - SERIES STATEMENT/ADDED ENTRY--TITLE
Title Asia Reader's Digest: Health Truths About Salts
Volume number/sequential designation 114:669
650 ## - SUBJECT ADDED ENTRY--TOPICAL TERM
Topical term or geographic name as entry element Environment
650 ## - SUBJECT ADDED ENTRY--TOPICAL TERM
Topical term or geographic name as entry element Nature
650 ## - SUBJECT ADDED ENTRY--TOPICAL TERM
Topical term or geographic name as entry element Oceans
650 ## - SUBJECT ADDED ENTRY--TOPICAL TERM
Topical term or geographic name as entry element Sea
Holdings
Withdrawn status Lost status Damaged status Home library Current library Date acquired Total Checkouts Date last seen Price effective from Koha item type
          04/23/2019   04/23/2019 04/23/2019 Periodicals

Champion of the seas/

APA

Hickling S., .Champion of the seas. : Reader's Digest Asia.

Chicago

Hickling Susannah, .Champion of the seas. : Reader's Digest Asia.

Harvard

Hickling S., .Champion of the seas. : Reader's Digest Asia.

MLA

Hickling Susannah, .: Reader's Digest Asia. .

  • Place hold
  • Print
  • Cite
  • Add to your cart (remove)
  • Save record
    BIBTEX Dublin Core MARCXML MARC (non-Unicode/MARC-8) MARC (Unicode/UTF-8) MARC (Unicode/UTF-8, Standard) MODS (XML) RIS
  • More searches
    Search for this title in:
    Other Libraries (WorldCat) Other Databases (Google Scholar) Online Stores (Bookfinder.com) Open Library (openlibrary.org)

Exporting to Dublin Core...

SOUTHVILLE LIBRARY

Southville International School and Colleges Library

1281 Tropical Ave. Cor. Luxembourg St., BF Homes International, Las Pinas City

Tel. No. 8256374 / 252358 Loc. 117/146

Powered by Koha